000 00492nam a22001697a 4500
020 _a978-93-48132-00-0
082 _aM200 7
_bMAN/N
245 _aNadakam nadakapatanangal/
_cby Manoj M B (ed.) and Nidhinya P (ed.).
260 _aKozhikode:
_bPavanatma Publishers Pvt. Ltd., 2025
_c2025.
300 _a296p.
650 _aDrama Malayalam Study
650 _aLiterature Malayalam
650 _aLiterature
700 _aManoj M B (ed.).
700 _aNidhinya P (ed.).
942 _cBK
999 _c181841
_d181841